[Event "Final do Campeonato Brasileiro Feminino"]
[Site "Sao Paulo - SP"]
[Date "2016.02.07"]
[Round "5.5"]
[White "Terao, Juliana Sayumi"]
[Black "Feliciano Ebert, Vanessa"]
[Result "1/2-1/2"]
[WhiteElo "2234"]
[BlackElo "2216"]
[PlyCount "114"]
[EventDate "2016.02.05"]

1. e4 c5 2. Nf3 d6 3. d4 cxd4 4. Nxd4 Nf6 5. Nc3 Nc6 6. Be2 e5 7. Nb3 Be7 8.
O-O O-O 9. Kh1 a5 10. a4 Nb4 11. f4 b6 12. Be3 Bb7 13. Bf3 Rc8 14. Rf2 Bc6 15.
Nc1 Qc7 16. Nd3 Nxd3 17. Qxd3 Rfe8 18. Nb5 Qb7 19. Nxd6 Bxd6 20. Qxd6 Rcd8 21.
Qa3 Nxe4 22. Bxe4 Bxe4 23. h3 exf4 24. Bxf4 Re6 25. Kh2 Rg6 26. Bg3 h5 27. h4
Bc6 28. Re1 Be4 29. Qb3 Re6 30. Ref1 Bg6 31. Bf4 Rd4 32. c3 Rde4 33. Qd1 Qc6
34. Qd8+ Re8 35. Qg5 Rxa4 36. g4 Qc5 37. Qxc5 bxc5 38. g5 Rae4 39. Rd1 Re2 40.
Kg3 c4 41. Ra1 Bd3 42. Rxa5 Rxf2 43. Kxf2 Re2+ 44. Kf3 Rxb2 45. Ra8+ Kh7 46.
Ra7 Kg6 47. Ra6+ Kf5 48. Ra5+ Ke6 49. Re5+ Kd7 50. Rd5+ Ke7 51. Re5+ Kf8 52.
Ra5 Rb7 53. Be5 Kg8 54. Bd4 Re7 55. Re5 Rd7 56. Ra5 Kh7 57. Ra7 Rxa7 1/2-1/2

[Event "Final do Campeonato Brasileiro Feminino"]
[Site "Sao Paulo - SP"]
[Date "2016.02.08"]
[Round "6.1"]
[White "Ribeiro, Regina"]
[Black "Feliciano Ebert, Vanessa"]
[Result "1/2-1/2"]
[WhiteElo "1954"]
[BlackElo "2216"]
[PlyCount "112"]
[EventDate "2016.02.05"]

1. Nf3 Nf6 2. g3 d5 3. Bg2 c6 4. c4 Bf5 5. cxd5 cxd5 6. Nc3 Nc6 7. Qa4 Bd7 8.
Qf4 a6 9. O-O e6 10. d3 h6 11. e4 d4 12. e5 dxc3 13. exf6 Qxf6 14. Qxf6 gxf6
15. bxc3 Rc8 16. Bd2 Bd6 17. Rfb1 b5 18. a4 Rb8 19. axb5 axb5 20. Ra6 Ke7 21.
Ne1 Rhc8 22. Bxh6 b4 23. Bxc6 Bxc6 24. cxb4 Bxb4 25. Nc2 Bd6 26. Rxb8 Bxb8 27.
Nd4 Bb7 28. Rb6 Bd5 29. Rb1 Ba7 30. Be3 Bb8 31. Rc1 Rxc1+ 32. Bxc1 f5 33. h4
Kf6 34. Ne2 Bf3 35. Kf1 Kg7 36. d4 f6 37. Ng1 Bd5 38. Ke2 Kg6 39. Nh3 e5 40.
Bb2 Kh5 41. Ng1 Kg4 42. dxe5 fxe5 43. Kd2 Bd6 44. Bc3 Bc4 45. Ke1 Bc7 46. Bd2
Bb6 47. Bg5 f4 48. gxf4 exf4 49. f3+ Kg3 50. Ne2+ Kxf3 51. Nxf4 Bf2+ 52. Kd1
Bb3+ 53. Kd2 Be3+ 54. Kc3 Bxf4 55. Kxb3 Kg4 56. Bxf4 Kxh4 1/2-1/2

[Event "Final do Campeonato Brasileiro Feminino"]
[Site "Sao Paulo - SP"]
[Date "2016.02.08"]
[Round "6.2"]
[White "Chang, Suzana"]
[Black "Terao, Juliana Sayumi"]
[Result "1/2-1/2"]
[WhiteElo "2093"]
[BlackElo "2234"]
[PlyCount "69"]
[EventDate "2016.02.05"]

1. e4 c5 2. Nf3 e6 3. d4 cxd4 4. Nxd4 a6 5. Bd3 Nf6 6. O-O Qc7 7. Qe2 d6 8. Nc3
Be7 9. Kh1 Nbd7 10. Bd2 O-O 11. f4 b6 12. Rae1 Nc5 13. e5 dxe5 14. fxe5 Nfd7
15. Bxh7+ Kxh7 16. Qh5+ Kg8 17. b4 Nxe5 18. Rxe5 Nd7 19. Nd5 exd5 20. Rxe7 Qc4
21. Rf4 Nf6 22. Qe2 Qxe2 23. Rxe2 Ne4 24. Rf1 Bg4 25. Nf3 Rfe8 26. Kg1 Rac8 27.
Be1 Re6 28. h3 Bxf3 29. Rxf3 Rc4 30. Rd3 Nf6 31. Kf1 Rxe2 32. Kxe2 Rxc2+ 33.
Rd2 Rc4 34. Rd3 Kf8 35. Ra3 1/2-1/2

[Event "Final do Campeonato Brasileiro Feminino"]
[Site "Sao Paulo - SP"]
[Date "2016.02.08"]
[Round "6.3"]
[White "Alboredo, Julia"]
[Black "Heinrichs, Vivian"]
[Result "0-1"]
[WhiteElo "2058"]
[BlackElo "1951"]
[PlyCount "110"]
[EventDate "2016.02.05"]

1. e4 c5 2. Nf3 a6 3. c4 e6 4. Nc3 Nc6 5. Be2 Nd4 6. O-O Ne7 7. d3 Nec6 8. Be3
g6 9. Qd2 Bg7 10. Ne1 O-O 11. f4 d6 12. Rb1 b5 13. Bf3 Rb8 14. Ne2 Bd7 15. Nxd4
Nxd4 16. Nc2 bxc4 17. dxc4 e5 18. Ne1 a5 19. Nd3 a4 20. fxe5 Bxe5 21. Nxe5 dxe5
22. Bh6 Re8 23. Bg5 f6 24. Be3 Be6 25. Qc3 Rb4 26. b3 axb3 27. axb3 Qb6 28.
Bxd4 exd4 29. Qc2 Rb8 30. Be2 Kg7 31. Bd3 Bg8 32. Qf2 Qd6 33. Bc2 R8b6 34. Qf3
Qb8 35. Ra1 Qe5 36. Ra7+ Rb7 37. Rfa1 Qe7 38. Ra8 Rb8 39. R8a5 R4b7 40. Qg3 Rd8
41. Qd3 Rdd7 42. Ra6 Ra7 43. Qf1 Rxa6 44. Rxa6 Ra7 45. Rb6 f5 46. exf5 Qe3+ 47.
Kh1 gxf5 48. g4 f4 49. Bf5 Ra2 50. Rb7+ Kh8 51. Bxh7 Bxh7 52. Rxh7+ Kxh7 53.
Qb1+ d3 54. Qxa2 Qc1+ 55. Kg2 Qc2+ 0-1

[Event "Final do Campeonato Brasileiro Feminino"]
[Site "Sao Paulo - SP"]
[Date "2016.02.08"]
[Round "6.4"]
[White "Nunes, Marcela Andreia Dia"]
[Black "Chaves, Joara"]
[Result "0-1"]
[WhiteElo "1551"]
[BlackElo "1954"]
[PlyCount "98"]
[EventDate "2016.02.05"]

1. d4 Nf6 2. c4 g6 3. Nc3 Bg7 4. e4 d6 5. Be2 O-O 6. Bg5 c5 7. d5 e6 8. Nf3 h6
9. Be3 exd5 10. exd5 Bf5 11. O-O Ne4 12. Nxe4 Bxe4 13. Qd2 Kh7 14. Rae1 Nd7 15.
b3 Nf6 16. h3 b5 17. Nh2 bxc4 18. bxc4 Bf5 19. Bd3 Bxd3 20. Qxd3 Qa5 21. Bf4
Qa6 22. Ng4 Nh5 23. Bh2 f5 24. Ne3 Nf6 25. Nc2 Rae8 26. Re6 Rxe6 27. dxe6 d5
28. e7 Re8 29. Re1 Qxc4 30. Qxc4 dxc4 31. f3 Nd5 32. Bd6 Bd4+ 33. Nxd4 cxd4 34.
Re5 Nb6 35. Kf2 Kg8 36. Ke2 Kf7 37. Kd2 Nc8 38. Bc5 Nxe7 39. Bxd4 Rd8 40. Rxe7+
Kxe7 41. Kc3 a6 42. Kxc4 Ke6 43. Be3 Rb8 44. Bxh6 Rb2 45. g4 Rxa2 46. h4 fxg4
47. fxg4 Ra4+ 48. Kc5 Rxg4 49. Bg5 Rxg5+ 0-1

[Event "Final do Campeonato Brasileiro Feminino"]
[Site "Sao Paulo - SP"]
[Date "2016.02.09"]
[Round "7.1"]
[White "Viaro Baccarin, Natalia"]
[Black "Ribeiro, Regina"]
[Result "1/2-1/2"]
[WhiteElo "1921"]
[BlackElo "1954"]
[PlyCount "79"]
[EventDate "2016.02.05"]

1. e4 c5 2. Nf3 a6 3. c4 Nc6 4. d4 cxd4 5. Nxd4 Nf6 6. Nc3 d6 7. Be2 g6 8. Be3
Bg7 9. O-O O-O 10. f3 Qb6 11. Na4 Qa5 12. Rb1 Nd7 13. b4 Qe5 14. Qd2 f5 15.
Nxc6 bxc6 16. exf5 gxf5 17. f4 Qf6 18. Bf3 Bb7 19. Nc5 Nxc5 20. bxc5 Rab8 21.
cxd6 exd6 22. Ba7 Ra8 23. Bf2 Rab8 24. Rfd1 Ba8 25. Qa5 Rxb1 26. Rxb1 c5 27.
Qxa6 Bxf3 28. gxf3 Qe6 29. Re1 Qh6 30. Qc6 Qxf4 31. Qd5+ Kh8 32. a4 Be5 33. Bg3
Qd4+ 34. Qxd4 Bxd4+ 35. Bf2 Rg8+ 36. Kf1 Be5 37. Bxc5 Ra8 38. Bg1 Rxa4 39. c5
Rc4 40. cxd6 1/2-1/2

[Event "Final do Campeonato Brasileiro Feminino"]
[Site "Sao Paulo - SP"]
[Date "2016.02.09"]
[Round "7.2"]
[White "Chaves, Joara"]
[Black "Bonfim, Regina Rodrigues"]
[Result "0-1"]
[WhiteElo "1954"]
[BlackElo "1907"]
[PlyCount "88"]
[EventDate "2016.02.05"]

1. e4 c6 2. d4 d5 3. Nd2 dxe4 4. Nxe4 Nd7 5. Nf3 Ngf6 6. Ng3 e6 7. Bd3 c5 8.
O-O cxd4 9. Nxd4 Be7 10. Re1 O-O 11. c3 a6 12. Qf3 Qc7 13. Bf4 Bd6 14. Bxd6
Qxd6 15. Rad1 Qc7 16. Ne4 Nxe4 17. Qxe4 Nf6 18. Qh4 Qc5 19. Re3 Qh5 20. Qxh5
Nxh5 21. Be4 Rb8 22. Red3 Nf6 23. Bf3 e5 24. Re3 exd4 25. cxd4 Bg4 26. d5 Bxf3
27. gxf3 Rfd8 28. a4 Rxd5 29. Rc1 Kf8 30. Rb3 b5 31. Rc7 b4 32. Ra7 a5 33. Re3
Re8 34. Rb3 g6 35. f4 Rf5 36. Rd3 Nh5 37. Rdd7 Nxf4 38. f3 Re2 39. b3 Rb2 40.
Rdb7 Rxb3 41. Rb5 Rb1+ 42. Kf2 Nd3+ 43. Ke3 Ne5 44. Raxa5 Nc4+ 0-1

[Event "Final do Campeonato Brasileiro Feminino"]
[Site "Sao Paulo - SP"]
[Date "2016.02.09"]
[Round "7.3"]
[White "Heinrichs, Vivian"]
[Black "Nunes, Marcela Andreia Dia"]
[Result "1-0"]
[WhiteElo "1951"]
[BlackElo "1551"]
[PlyCount "87"]
[EventDate "2016.02.05"]

1. d4 g6 2. e4 Bg7 3. Nc3 d6 4. Be3 a6 5. Qd2 b5 6. h4 Nf6 7. f3 h5 8. O-O-O
Bb7 9. Nh3 Nbd7 10. Nf4 e5 11. dxe5 Nxe5 12. Nfd5 Qd7 13. Kb1 Nxd5 14. Nxd5 Nc4
15. Bxc4 bxc4 16. Bd4 Bxd4 17. Qxd4 O-O-O 18. Qxc4 Kb8 19. Rd3 Qc6 20. Qd4 Qd7
21. Rb3 c5 22. Qc4 Ka7 23. Rd1 f5 24. Nb6 Qe7 25. exf5 d5 26. Qc3 gxf5 27. Na4
c4 28. Qd4+ Ka8 29. Re3 Qb4 30. Nb6+ Kb8 31. a3 Qb5 32. Re7 Rh6 33. Nxc4 Rc8
34. Qf4+ Ka8 35. Nd6 Rxd6 36. Qxd6 Qc4 37. Rc1 Rc6 38. Qd7 Rb6 39. Re8+ Ka7 40.
Qd8 Rxb2+ 41. Kxb2 Qd4+ 42. Kb1 Qc5 43. Qb8+ Kb6 44. Re6+ 1-0

[Event "Final do Campeonato Brasileiro Feminino"]
[Site "Sao Paulo - SP"]
[Date "2016.02.09"]
[Round "7.4"]
[White "Terao, Juliana Sayumi"]
[Black "Alboredo, Julia"]
[Result "1/2-1/2"]
[WhiteElo "2234"]
[BlackElo "2058"]
[PlyCount "60"]
[EventDate "2016.02.05"]

1. e4 c5 2. Nf3 d6 3. d4 cxd4 4. Nxd4 Nf6 5. Nc3 g6 6. Be3 Bg7 7. f3 O-O 8. Qd2
Nc6 9. g4 Nxd4 10. Bxd4 Be6 11. h4 Qa5 12. h5 Rac8 13. a3 Bc4 14. Bxc4 Rxc4 15.
O-O-O Rfc8 16. hxg6 hxg6 17. Qh2 e5 18. Be3 Rxc3 19. bxc3 Qxa3+ 20. Kd2 Qxc3+
21. Ke2 Qxc2+ 22. Rd2 Qb3 23. Rxd6 Rc2+ 24. Bd2 Qb5+ 25. Rd3 Nd7 26. Ke3 Qc5+
27. Ke2 Qb5 28. Ke3 Qc5+ 29. Ke2 Qb5 30. Ke3 Qc5+ 1/2-1/2

[Event "Final do Campeonato Brasileiro Feminino"]
[Site "Sao Paulo - SP"]
[Date "2016.02.09"]
[Round "7.5"]
[White "Feliciano Ebert, Vanessa"]
[Black "Chang, Suzana"]
[Result "1-0"]
[WhiteElo "2216"]
[BlackElo "2093"]
[PlyCount "99"]
[EventDate "2016.02.05"]

1. d4 Nf6 2. c4 e6 3. Nc3 Bb4 4. e3 d5 5. cxd5 exd5 6. Bd3 O-O 7. Nge2 Re8 8.
O-O Nc6 9. f3 Bf8 10. a3 g6 11. b4 a6 12. Bc2 Bg7 13. Bb3 Ne7 14. e4 c6 15. Bg5
Be6 16. e5 Nd7 17. Qd2 f5 18. Nf4 Nf8 19. Nd3 Bc8 20. Ne2 Ne6 21. Bh4 h6 22. f4
Kh7 23. a4 Rg8 24. b5 axb5 25. axb5 Rxa1 26. Rxa1 g5 27. fxg5 Ng6 28. Bf2 Nxg5
29. bxc6 bxc6 30. Qe3 Ne4 31. Ndf4 c5 32. Bxd5 Rf8 33. Nxg6 Kxg6 34. Bxe4 fxe4
35. Qxe4+ Bf5 36. Qc6+ Kh7 37. Qxc5 Be4 38. Ng3 Bg6 39. Be3 h5 40. Qc6 Qh4 41.
Ra7 Qg4 42. Qc1 Rc8 43. Qf1 h4 44. Ne2 Bd3 45. Ra2 Rb8 46. Qf3 Qe6 47. Ra1 Qb3
48. Nf4 Bc2 49. h3 Rf8 50. Rf1 1-0

[Event "Final do Campeonato Brasileiro Feminino"]
[Site "Sao Paulo - SP"]
[Date "2016.02.09"]
[Round "8.1"]
[White "Ribeiro, Regina"]
[Black "Chang, Suzana"]
[Result "1-0"]
[WhiteElo "1954"]
[BlackElo "2093"]
[PlyCount "69"]
[EventDate "2016.02.05"]

1. Nf3 Nf6 2. g3 b6 3. Bg2 Bb7 4. O-O e6 5. c4 Be7 6. Nc3 O-O 7. Qc2 c5 8. e4
d6 9. d4 cxd4 10. Nxd4 Qc8 11. Qe2 Nbd7 12. Be3 a6 13. Rac1 Qc7 14. h3 Nc5 15.
f3 a5 16. Ndb5 Qb8 17. Rfd1 Rd8 18. Bf2 Bf8 19. f4 Ncd7 20. Rc2 e5 21. Rcd2 Nc5
22. fxe5 Nfd7 23. exd6 Ne5 24. Bxc5 bxc5 25. b3 Ra6 26. Na4 f6 27. Qh5 Rc6 28.
Rd5 Rdc8 29. Qf5 Nf7 30. Nxc5 g6 31. Qf2 Ba8 32. Nd7 Qb7 33. Nxf8 Rxf8 34. Qxf6
Qb6+ 35. Qd4 1-0

[Event "Final do Campeonato Brasileiro Feminino"]
[Site "Sao Paulo - SP"]
[Date "2016.02.09"]
[Round "8.2"]
[White "Alboredo, Julia"]
[Black "Feliciano Ebert, Vanessa"]
[Result "1/2-1/2"]
[WhiteElo "2058"]
[BlackElo "2216"]
[PlyCount "44"]
[EventDate "2016.02.05"]

1. e4 c5 2. Nf3 e6 3. d4 cxd4 4. Nxd4 Nc6 5. Nc3 Qc7 6. f4 a6 7. Nxc6 Qxc6 8.
Bd3 Bc5 9. Qg4 g6 10. Qe2 b5 11. Be3 Bb7 12. O-O-O Ne7 13. Bxc5 Qxc5 14. e5 b4
15. Ne4 Bxe4 16. Bxe4 Ra7 17. Rd6 a5 18. Qd3 Nc8 19. Qd4 Qxd4 20. Rxd4 Ke7 21.
Rhd1 Rd8 22. g4 d5 1/2-1/2

[Event "Final do Campeonato Brasileiro Feminino"]
[Site "Sao Paulo - SP"]
[Date "2016.02.09"]
[Round "8.3"]
[White "Nunes, Marcela Andreia Dia"]
[Black "Terao, Juliana Sayumi"]
[Result "0-1"]
[WhiteElo "1551"]
[BlackElo "2234"]
[PlyCount "34"]
[EventDate "2016.02.05"]

1. d4 Nf6 2. c4 g6 3. Nc3 d5 4. cxd5 Nxd5 5. e4 Nxc3 6. bxc3 Bg7 7. Bc4 c5 8.
Ne2 Nc6 9. Be3 O-O 10. O-O Bg4 11. f3 Bd7 12. Rb1 Qc7 13. Rc1 Rad8 14. Qd2 Qa5
15. Bh6 cxd4 16. Bxg7 Kxg7 17. Nxd4 Qc5 0-1

[Event "Final do Campeonato Brasileiro Feminino"]
[Site "Sao Paulo - SP"]
[Date "2016.02.09"]
[Round "8.4"]
[White "Bonfim, Regina Rodrigues"]
[Black "Heinrichs, Vivian"]
[Result "0-1"]
[WhiteElo "1907"]
[BlackElo "1951"]
[PlyCount "82"]
[EventDate "2016.02.05"]

1. Nf3 Nf6 2. d4 g6 3. g3 Bg7 4. Bg2 d6 5. O-O O-O 6. c4 c6 7. Nc3 Qa5 8. a3
Qh5 9. e4 Bh3 10. Ng5 Bxg2 11. Qxh5 Nxh5 12. Kxg2 Bxd4 13. Ne2 Bg7 14. Rb1 Nd7
15. Nf4 Nxf4+ 16. Bxf4 h6 17. Nf3 b5 18. cxb5 cxb5 19. b4 Rfc8 20. Rfc1 Nb6 21.
e5 dxe5 22. Bxe5 Nc4 23. Bxg7 Kxg7 24. a4 bxa4 25. b5 Na3 26. Rxc8 Rxc8 27. Rb4
Rc4 28. Rb2 Nc2 29. Nd2 Rc7 30. Ra2 Nd4 31. Rxa4 Nxb5 32. Ra5 Nd4 33. Rd5 Nf5
34. h4 Nd6 35. Kf3 Rc3+ 36. Ke2 Ra3 37. Rd3 Rxd3 38. Kxd3 e5 39. Nb3 f5 40. f3
e4+ 41. fxe4 Nxe4 0-1

[Event "Final do Campeonato Brasileiro Feminino"]
[Site "Sao Paulo - SP"]
[Date "2016.02.10"]
[Round "9.1"]
[White "Chaves, Joara"]
[Black "Ribeiro, Regina"]
[Result "0-1"]
[WhiteElo "1954"]
[BlackElo "1954"]
[PlyCount "100"]
[EventDate "2016.02.05"]

1. e4 e6 2. d4 c5 3. Nf3 cxd4 4. Nxd4 a6 5. Bd3 Qc7 6. O-O Nf6 7. Be3 b5 8. c3
Bb7 9. Nd2 d5 10. f3 Bd6 11. h3 Nbd7 12. exd5 Nxd5 13. Bf2 Nc5 14. Bc2 O-O 15.
Ne4 Nxe4 16. Bxe4 Rae8 17. a4 b4 18. cxb4 Bxb4 19. Nc2 Bc5 20. Rc1 Bxf2+ 21.
Kxf2 Rc8 22. Bxd5 Bxd5 23. Qd4 Qc4 24. Qxc4 Bxc4 25. Ne3 Bxf1 26. Rxc8 Rxc8 27.
Kxf1 Rb8 28. Nd1 Rb4 29. Ke2 Rxa4 30. Kd3 Kf8 31. Kc3 Ke7 32. Ne3 Kd6 33. g3 f6
34. h4 g6 35. Kb3 Ra1 36. Kb4 a5+ 37. Kb5 a4 38. Ng4 f5 39. Nf6 Ra2 40. Nxh7
Rxb2+ 41. Kxa4 Rg2 42. g4 fxg4 43. fxg4 Rxg4+ 44. Kb3 Rxh4 45. Ng5 Rf4 46. Kc2
Ke5 47. Kd2 Kf6 48. Nh3 Rf3 49. Ng1 Rg3 50. Ne2 Rg2 0-1

[Event "Final do Campeonato Brasileiro Feminino"]
[Site "Sao Paulo - SP"]
[Date "2016.02.10"]
[Round "9.2"]
[White "Heinrichs, Vivian"]
[Black "Viaro Baccarin, Natalia"]
[Result "1-0"]
[WhiteElo "1951"]
[BlackElo "1921"]
[PlyCount "37"]
[EventDate "2016.02.05"]

1. d4 Nf6 2. c4 g6 3. f3 Bg7 4. e4 d6 5. Nc3 O-O 6. Bg5 c6 7. Bd3 a6 8. Nge2 b5
9. Qd2 Bb7 10. O-O b4 11. Nd1 c5 12. d5 a5 13. Bh6 Nbd7 14. Bxg7 Kxg7 15. f4 e6
16. Ne3 exd5 17. exd5 Qe7 18. Ng3 Rae8 19. Nef5+ 1-0

[Event "Final do Campeonato Brasileiro Feminino"]
[Site "Sao Paulo - SP"]
[Date "2016.02.10"]
[Round "9.3"]
[White "Terao, Juliana Sayumi"]
[Black "Bonfim, Regina Rodrigues"]
[Result "1/2-1/2"]
[WhiteElo "2234"]
[BlackElo "1907"]
[PlyCount "21"]
[EventDate "2016.02.05"]

1. e4 c6 2. d4 d5 3. Nd2 dxe4 4. Nxe4 Bf5 5. Ng3 Bg6 6. Nf3 e6 7. h4 h6 8. h5
Bh7 9. Bd3 Bxd3 10. Qxd3 Nf6 11. Bd2 1/2-1/2

[Event "Final do Campeonato Brasileiro Feminino"]
[Site "Sao Paulo - SP"]
[Date "2016.02.10"]
[Round "9.4"]
[White "Feliciano Ebert, Vanessa"]
[Black "Nunes, Marcela Andreia Dia"]
[Result "1-0"]
[WhiteElo "2216"]
[BlackElo "1551"]
[PlyCount "93"]
[EventDate "2016.02.05"]

1. d4 g6 2. c4 Bg7 3. Nc3 d6 4. e4 e5 5. Nge2 Nc6 6. d5 Nd4 7. Be3 Nxe2 8. Bxe2
f5 9. exf5 gxf5 10. Bh5+ Kf8 11. Be2 f4 12. Bc1 Qf6 13. Bf3 Bf5 14. g4 Bg6 15.
Ne4 Qh4 16. Qe2 h5 17. gxh5 Bxh5 18. Bd2 Nf6 19. Nxf6 Bxf6 20. O-O-O Kf7 21.
Bxh5+ Rxh5 22. Rdg1 Rah8 23. Rg4 Qh3 24. Bxf4 Rh4 25. Rxh4 Rxh4 26. Be3 Qg2 27.
Qf1 Qxf1+ 28. Rxf1 Rxc4+ 29. Kb1 b6 30. b3 Rh4 31. Rc1 Bd8 32. Rh1 Rh5 33. Rg1
Rxh2 34. Kc2 Bh4 35. Kd3 Bf6 36. a4 a6 37. Rc1 Bd8 38. Ra1 Rh7 39. a5 b5 40.
Rc1 Kf6 41. Rc6 Rh1 42. Rxa6 Ra1 43. Ra8 Be7 44. Ke4 Rb1 45. a6 Rxb3 46. a7
Rb4+ 47. Kf3 1-0

[Event "Final do Campeonato Brasileiro Feminino"]
[Site "Sao Paulo - SP"]
[Date "2016.02.10"]
[Round "9.5"]
[White "Chang, Suzana"]
[Black "Alboredo, Julia"]
[Result "1/2-1/2"]
[WhiteElo "2093"]
[BlackElo "2058"]
[PlyCount "168"]
[EventDate "2016.02.05"]

1. e4 c5 2. Nf3 d6 3. c3 Nf6 4. Be2 Nc6 5. Qc2 Bg4 6. O-O e6 7. Rd1 Rc8 8. d3
Be7 9. Nbd2 O-O 10. Nf1 Qc7 11. Ng3 d5 12. h3 Bxf3 13. Bxf3 Bd6 14. Nf1 h6 15.
g3 d4 16. c4 Nh7 17. Bg2 e5 18. Qe2 Ne7 19. Bd2 b6 20. Nh2 Ng6 21. h4 Ne7 22.
Rf1 Rb8 23. Rfc1 Nf6 24. b3 Nh7 25. Rf1 f6 26. Bh3 Kh8 27. Be6 Qd8 28. Kg2 Qe8
29. Rae1 a5 30. Kh1 Qc6 31. Kg1 Qe8 32. Kg2 Qc6 33. Nf3 Qe8 34. Rh1 Nc6 35. Bh3
h5 36. Nh2 Nd8 37. f4 g6 38. Nf3 Nc6 39. f5 gxf5 40. Bxf5 Ne7 41. Bh3 Rg8 42.
Be6 Rg7 43. Rhg1 Ng6 44. Bf5 Nf4+ 45. Bxf4 exf4 46. Kh3 fxg3 47. e5 fxe5 48.
Bxh7 Kxh7 49. Ng5+ Kg8 50. Qe4 Qd7+ 51. Kg2 Rf8 52. Rgf1 Rxf1 53. Rxf1 Qb7 54.
Qxb7 Rxb7 55. Ne4 Bb8 56. Nf6+ Kg7 57. Nxh5+ Kg6 58. Nxg3 Bc7 59. Kh3 Bd8 60.
Kg4 Kh7 61. Rf5 Rg7+ 62. Kf3 Bc7 63. Ne4 Bd8 64. Rf8 Bxh4 65. Rf5 Bd8 66. Rxe5
Bc7 67. Re6 Bd8 68. Nd6 Rg6 69. Rxg6 Kxg6 70. Ke4 Kh5 71. Nf7 Be7 72. Kf5 Bf8
73. Ne5 Bd6 74. Nd7 Bc7 75. Nf8 Bd6 76. Ng6 Bc7 77. Nf8 Bd6 78. Ne6 Kh4 79. Ke4
Kg3 80. Kd5 Be7 81. Ke4 Kf2 82. Nf4 Bd8 83. Ne6 Be7 84. Nf4 Bd8 1/2-1/2